| 000 | 00335nam a22001337a 4500 | ||
|---|---|---|---|
| 008 | 170208b xxu||||| |||| 00| 0 eng d | ||
| 020 | _a083853628X | ||
| 041 | _aeng | ||
| 080 |
_23RD _a61 |
||
| 100 | _a4 | ||
| 101 | _aSHM | ||
| 245 |
_aHANDBOOK OF LABORATORY AND DIAGNOSTIC TESTS WITH NURSING IMPLICATIONS _cKEE, J.L |
||
| 942 |
_2udc _cBK |
||
| 999 |
_c4984 _d4984 |
||